| 000 -LEADER |
| fixed length control field |
02246cam a2200385 i 4500 |
| 001 - CONTROL NUMBER |
| control field |
19092973 |
| 005 - DATE AND TIME OF LATEST TRANSACTION |
| control field |
20220812110827.0 |
| 008 - FIXED-LENGTH DATA ELEMENTS--GENERAL INFORMATION |
| fixed length control field |
160513s2017 enk b 001 0 eng |
| 010 ## - LIBRARY OF CONGRESS CONTROL NUMBER |
| LC control number |
2016022514 |
| 020 ## - INTERNATIONAL STANDARD BOOK NUMBER |
| International Standard Book Number |
9781138649026 (hbk) |
| 020 ## - INTERNATIONAL STANDARD BOOK NUMBER |
| International Standard Book Number |
9781138683006 (pbk) |
| 020 ## - INTERNATIONAL STANDARD BOOK NUMBER |
| Canceled/invalid ISBN |
9781315626055 (ebk) |
| 040 ## - CATALOGING SOURCE |
| Original cataloging agency |
DLC |
| Language of cataloging |
eng |
| Transcribing agency |
DLC |
| Description conventions |
rda |
| Modifying agency |
DLC |
| 042 ## - AUTHENTICATION CODE |
| Authentication code |
pcc |
| 050 00 - LIBRARY OF CONGRESS CALL NUMBER |
| Classification number |
K1315 |
| Item number |
.B47 2017 |
| 082 00 - DEWEY DECIMAL CLASSIFICATION NUMBER |
| Classification number |
341.481 |
| Author Mark |
BER |
| 100 1# - MAIN ENTRY--PERSONAL NAME |
| Personal name |
Bernaz, Nadia, |
| Relator term |
author. |
| 9 (RLIN) |
94150 |
| 245 10 - TITLE STATEMENT |
| Title |
Business and human rights : |
| Remainder of title |
history, law and policy : bridging the accountability gap / Nadia Bernza. |
| 264 #1 - PRODUCTION, PUBLICATION, DISTRIBUTION, MANUFACTURE, AND COPYRIGHT NOTICE |
| Place of production, publication, distribution, manufacture |
Milton Park, Abingdon, Oxon ; |
| -- |
New York, NY : |
| Name of producer, publisher, distributor, manufacturer |
Routledge Taylor & Francis Group, |
| Date of production, publication, distribution, manufacture, or copyright notice |
2017. |
| 300 ## - PHYSICAL DESCRIPTION |
| Extent |
ix, 313 pages ; |
| Dimensions |
25 cm. |
| 336 ## - CONTENT TYPE |
| Content type term |
text |
| Source |
rdacontent |
| 337 ## - MEDIA TYPE |
| Media type term |
unmediated |
| Source |
rdamedia |
| 338 ## - CARRIER TYPE |
| Carrier type term |
volume |
| Source |
rdacarrier |
| 490 0# - SERIES STATEMENT |
| Series statement |
Human rights and international law |
| 504 ## - BIBLIOGRAPHY, ETC. NOTE |
| Bibliography, etc. note |
Includes bibliographical references and index. |
| 505 0# - FORMATTED CONTENTS NOTE |
| Formatted contents note |
Introduction -- The Atlantic slave trade : a "business and human rights" reading -- International labour law : early development and contemporary significance for the field of business and human rights -- Doing business with the Nazis : the criminal prosecution of German industrialists after the Second World War -- Business, international human rights law and international criminal law : shifting boundaries -- Human rights and international economic law : connecting the dots -- International soft law initiatives on business and human rights -- Private regulation in business and human rights -- Shaping law and public policies to address corporate human rights impact -- Business and human rights litigation before domestic courts : progress and remaining obstacles -- The future of business and human rights. |
| 650 #0 - SUBJECT ADDED ENTRY--TOPICAL TERM |
| Topical term or geographic name entry element |
Corporate governance |
| General subdivision |
Law and legislation. |
| 9 (RLIN) |
94145 |
| 650 #0 - SUBJECT ADDED ENTRY--TOPICAL TERM |
| Topical term or geographic name entry element |
Human rights. |
| 650 #0 - SUBJECT ADDED ENTRY--TOPICAL TERM |
| Topical term or geographic name entry element |
Social responsibility of business. |
| 650 #0 - SUBJECT ADDED ENTRY--TOPICAL TERM |
| Topical term or geographic name entry element |
Human rights |
| General subdivision |
Economic aspects. |
| 9 (RLIN) |
94151 |
| 650 #0 - SUBJECT ADDED ENTRY--TOPICAL TERM |
| Topical term or geographic name entry element |
International business enterprises |
| General subdivision |
Law and legislation. |
| 9 (RLIN) |
94152 |
| 906 ## - LOCAL DATA ELEMENT F, LDF (RLIN) |
| a |
7 |
| b |
cbc |
| c |
orignew |
| d |
1 |
| e |
ecip |
| f |
20 |
| g |
y-gencatlg |
| 942 ## - ADDED ENTRY ELEMENTS (KOHA) |
| Source of classification or shelving scheme |
|
| Koha item type |
Book |